000 01230nam a2200289Ia 4500
005 20210727153200.0
008 141031s9999 ck 000 0 spa d
020 _a9789505156948
100 1 _aQuino,
_d1932-
245 1 0 _aToda Mafalda
_cQuino ; prólogo Daniel Samper Pizano
250 _a27a edición
300 _a659 páginas
_bilustraciones en blanco y negro
_c32 cm.
500 _aIncluye cronología
505 _aPrólogo -- Visitas ilustradas -- Mafaldas (casi) privadas -- Mafalda tira a tira -- Mafalda inédita -- Mafalda mucho mas inédita -- Los personajes como solistas -- Mafaldas sueltas -- Los años de Quino y Mafalda
650 1 4 _2LEMB
_aAutores argentinos
_ySiglo XX
_vTiras comicas, historietas
650 1 4 _2LEMB
_aProblemas sociales
_vTiras comicas, historietas
650 1 4 _2LEMB
_aHumor gráfico
_vTiras comicas, historietas
650 1 4 _2LEMB
_aCrítica social
_vTiras comicas, historietas
700 1 _aSamper Pizano, Daniel,
_d1945-
_eprologuista
942 _2loc
_cBK
264 _aBuenos Aires
_bEdiciones de la Flor
_c2013
336 _atexto
_btxt
_2rdacontent
337 _asin mediación
_bn
_2rdamedia
338 _avolumen
_bnc
_2rdacarrier
040 _aCO-BoRNBP
_bspa
_erda
_cCO-BoRNBP
084 _aH QUI2
999 _c3800
_d3800